000 02942nam0a2200493 4500
001 RU\NLR\bibl\1450434
005 20260407070841.0
010 _a978-5-88086-846-9
_9300
021 _aRU
_b2009-84871
_95338
035 _a(nilc)EL/0000281884
035 _aRU/Архангельская ОНБ/DOLIB/108978
035 _a(NLR Aleph) 001442256
090 _a1470452
_c1470452
100 _a20090716d2009 |||y0rusy50 ca
101 0 _arus
102 _aRU
105 _aa |||||||||
200 1 _aОчерки психофизиологии детей с синдромом дефицита внимания с гиперактивностью
_f[А. В. Грибанов, Ю. С. Джос, Н. В. Афанасенкова и др.
_gА.В. Грибанов (отв. ред.)]
_gФедер. агентство по образованию, Гос. образоват. учреждение высш. проф. образования "Помор. гос. у-т им. М. В. Ломоносова", Ин-т развития ребенка
210 _aАрхангельск
_cПоморский университет
_d2009
215 _a239, [2] с.
_cил.
_d21
300 _aАвт. указаны на обороте тит.л.
320 _aБиблиогр. в конце глав
606 1 _aДети
_xВнимание
_xРасстройства при синдроме гиперактивности
_92239329
_3RU\NLR\auth\661343779
606 1 _aДети с синдромом дефицита внимания с гиперактивностью
_xПсихологические исследования
_92519229
_3RU\NLR\auth\661492945
686 _a15.81.61
_a76.29.47
_2rugasnti
686 _a88.482
_vLBC/PL
_2rubbk
686 _a57.336.14
_vLBC/PL
_2rubbk
686 _aЮ983
686 _aЮ948.2
686 _aР733.64-323.3
701 1 _aГрибанов
_bА. В.
_gАнатолий Владимирович
_4070
701 1 _aДжос
_bЮ. С.
_gЮлия Сергеевна
_4070
701 1 _4070
_aАфанасенкова
_bН. В.
_cканд. мед. наук, физ. воспитание
_gНаталия Владимировна
_9156392
_3RU\NLR\AUTH\770156431
701 1 _aАфанасенкова
_bН. В.
_cканд. мед. наук, физ. воспитание
_gНаталия Владимировна
_9156392
_3RU\NLR\AUTH\770156431
712 0 2 _4570
_aПоморский государственный университет им. М. В. Ломоносова
_bИнститут развития ребенка
_cАрхангельск
_9567054
_3RU\NLR\AUTH\8810034371
801 0 _aRU
_bАрхангельская ОНБ
_c20090716
_gPSBO
801 1 _aRU
_bАрхангельская ОНБ
_c20090716
_gPSBO
801 2 _aRU
_bАрхангельская ОНБ
_c20090716
_gPSBO
801 2 _aRU
_bNLR
_c20091210
_grcr
942 _cBOOK
980 _aNB
980 _aNBR